| 000 | 02601cam a22006374i 4500 | ||
|---|---|---|---|
| 003 | PE-LiUPU | ||
| 005 | 20250731170447.0 | ||
| 008 | 150706s1996 mx a rb 000 0 spa d | ||
| 020 | _a9682455030 | ||
| 020 | _a9789682455032 | ||
| 035 | _a(Sirsi) i9789682455032 | ||
| 040 |
_aPE-LiUPU _bspa _cPE-LiUPU _dPE-LiUPU _erda |
||
| 049 | _aPRUA | ||
| 082 | 0 | 4 |
_a150.072 _bM26 _221 |
| 100 | 1 |
_aMartínez, M. Miguel, _eautor. |
|
| 245 | 1 | 0 |
_aComportamiento humano : _bnuevos métodos de investigación / _cMiguel Martínez M. |
| 250 | _a2a edición. | ||
| 264 | 1 |
_aMéxico : _bTrillas, _c1996. |
|
| 300 |
_a307 páginas : _bilustraciones ; _c23 centímetros |
||
| 336 |
_atext _2rdacontent |
||
| 337 |
_aunmediated _2rdamedia |
||
| 338 |
_avolume _2rdacarrier |
||
| 504 | _aIncluye referencias bibliográficas. | ||
| 505 | 0 | _aRazones para un nuevo paradigma científico -- Urgencia de un nuevo paradigma científico -- Mitos e ilusiones en la ciencia -- Concepción dialéctica emergente del conocimiento -- Enfoque sistemático y nuevo paradigma -- Criterios de validación de la ciencia -- Métodos estructurales -- Postulado para una metodología estructural -- El método hermenéutico-dialéctico -- El método fenomenológico -- Método comprensivo y método naturalista -- El método etnográfico -- La investigación endógena -- El método de la investigación-acción -- La investigación teórica -- El método de historia de vida. | |
| 526 | _aSEG68 | ||
| 526 | _aSEG70 | ||
| 526 | _aSEG69 | ||
| 526 | _aSEG67 | ||
| 526 | _aSEG43 | ||
| 526 | _aP144 | ||
| 526 | _aP143 | ||
| 526 | _aP131 | ||
| 526 | _aP122 | ||
| 526 | _aP120 | ||
| 526 | _aP117 | ||
| 526 | _aP112 | ||
| 526 | _aP110 | ||
| 526 | _aP106 | ||
| 526 | _aP101 | ||
| 526 | _aP80 | ||
| 526 | _aP59 | ||
| 526 | _aP54 | ||
| 526 | _aP35 | ||
| 526 | _aP33 | ||
| 526 | _aP30 | ||
| 541 | _g001-0030486; | ||
| 650 | 0 | 4 |
_aCiencias sociales _xInvestigación. |
| 650 | 0 | 4 | _aConducta humana. |
| 650 | 0 | 4 |
_aPsicología. _95567 |
| 910 |
_agl _bjv _cng _d20090918 |
||
| 942 |
_2ddc _cBOOK |
||
| 949 |
_a150.072 M26 _wDEWEY _c1 _i60444 _d2016-10-4 _e2016-10-3 _lCCODEBUL1 _mBUL _n1 _p65.00 _r0 _sY _tBOOK _u2015-7-6 _xSALUD _PP33 _0COMPRA _o.STAFF. Colección Ciencias de la Salud |
||
| 994 |
_aC0 _bPEPRU |
||
| 596 | _a1 | ||
| 999 |
_a150.072 M26 _wDEWEY _c49899 _i60444 _d49899 _e2022-6-22 _f2021-11-3 _g5 _lCCODEBUL1 _mBUL _n3 _p65.00 _q4 _r0 _sY _tBOOK _u2015-7-6 _xSALUD _zP33 _0COMPRA _o.STAFF. Colección Ciencias de la Salud |
||
| 980 |
_81 _gALBERTO SANCHEZ Responsable de Automatización |
||